Ιστορία των Βαλκανίων, 1804-1945
Αποθηκεύτηκε σε:
| Κύριος συγγραφέας: | |
|---|---|
| Άλλοι συγγραφείς: | , |
| Μορφή: | Βιβλίο |
| Γλώσσα: | Greek English |
| Δημοσίευση: |
Θεσσαλονίκη :
Βάνιας,
2005.
|
| Σειρά: | Ίστωρ
|
| Θέματα: | |
| Ετικέτες: |
Προσθήκη ετικέτας
Δεν υπάρχουν, Καταχωρήστε ετικέτα πρώτοι!
|
MARC
| LEADER | 00000cam a2200000 i 4500 | ||
|---|---|---|---|
| 001 | 1/74761 | ||
| 008 | 080218s2005 gr | ||| |||| ||gre|| | ||
| 020 | |a 9602881275 | ||
| 035 | |l 10094739 | ||
| 040 | |a GR-MY-UA |b gre |e aacr | ||
| 041 | 1 | |a gre |h eng | |
| 082 | 7 | |a 949.6 |2 (22) | |
| 100 | 1 | |a Pavlowitch, Stevan K. | |
| 245 | 1 | 0 | |a Ιστορία των Βαλκανίων, 1804-1945 / |c Stevan K. Pavlowitch ; μετάφραση: Λουκιανός Χασιώτης ; επιμέλεια: Κώστας Σκορδύλης. |
| 260 | |a Θεσσαλονίκη : |b Βάνιας, |c 2005. | ||
| 300 | |a 500 σ. : |b εικ., χάρτ. ; |c 24 εκ. | ||
| 490 | 1 | |a (Ίστωρ) | |
| 504 | |a Βιβλιογραφία: σ. 483-489. | ||
| 651 | 0 | |a Balkan Peninsula |x History. | |
| 700 | 1 | |a Χασιώτης, Λουκιανός, |e trl | |
| 700 | 1 | |a Σκορδύλης, Κώστας, |e edt | |
| 765 | 0 | 8 | |i Μετάφραση του: |t A History of the Balkans, 1804-1945 / |
| 830 | 0 | |a Ίστωρ | |
| 852 | |a INST |b LESVOS |e 20080218 |h 949.6 PAV |p 005100040133 |q 005100040133 |t BK |y 0 | ||
| 901 | |a BIBL1-2008-1 | ||
| 909 | |a Λ |b 144542 | ||
| 922 | |a 1ΕΛΗ |b 200801 |c ΕΠΕΑΕΚ2/ΤΚΑ |d Σ. ΠΑΤΑΚΗΣ | ||
| 970 | |a ΚΑΡΑ |b ΓΙΑΣΕΜΗ |z 2008/02/18 | ||